Sementes republicanas / (Record no. 1194)
[ view plain ]
| 000 -LÍDER | |
|---|---|
| Campo Fixo de Controle | 00644nam a2200229 a 4500 |
| 001 - NÚMERO DE CONTROLE | |
| Campo de Controle | 1194 |
| 003 - IDENTIFICAÇÃO DO NÚMERO DE CONTROLE | |
| Campo de Controle | BR-CuiBMT |
| 005 - DATA E HORA DA ÚLTIMA ATUALIZAÇÃO | |
| Campo de Controle | 20231130230728.0 |
| 008 - DADOS FIXOS | |
| Dados Fixos | 231130b2014 mtba 000 0 por d |
| 020 ## - INTERNATIONAL STANDARD BOOK NUMBER | |
| Nº do ISBN | 9788579920677 |
| 040 ## - AGÊNCIA CATALOGADORA | |
| Código da Agência Catalogadora | BR-CuiBMT |
| Agência que transcreveu o registro | BR-CuiBMT |
| 080 ## - Nº DA CLASSIFICAÇÃO DECIMAL UNIVERSAL | |
| Nº edição CDU | 2007 |
| Nº Class. CDU | 340 |
| Subd. Auxiliar Comum | (046) |
| 090 ## - NÚMERO DE CHAMADA | |
| Nº classificação | 340(046) |
| Cutter | L732s |
| 100 1# - ENTRADA PRINCIPAL -- AUTOR PESSOAL | |
| Nome pessoal | Lima, Luiz Henrique, |
| Datas associadas ao nome | 1960- |
| 245 ## - TÍTULO PRINCIPAL | |
| Título principal | Sementes republicanas / |
| Indicação de responsabilidade | Luiz Henrique Lima. |
| 260 ## - PUBLICAÇÃO, DISTRIBUIÇÃO, ETC. | |
| Local de publicação | Cuiabá : |
| Editora | Entrelinhas, |
| Data | 2014. |
| 300 ## - DESCRIÇÃO FÍSICA | |
| N. páginas ou volumes | 271 p.: |
| Ilustrações | il. |
| Dimensões | 21 cm |
| 504 ## - NOTA DE BIBLIOGRAFIA, ETC. | |
| Nota de bibliografia | Inclui bibliografia. |
| 650 ## - ASSUNTO TÓPICO | |
| Cabeçalho tópico ou nome geográfico | Artigos jornalísticos |
| Subdivisão geral | coletâneas |
| 650 ## - ASSUNTO TÓPICO | |
| Cabeçalho tópico ou nome geográfico | Política e Governo |
| 942 ## - ELEMENTOS DE ENTRADA ADICIONAIS (KOHA) | |
| Fonte de classificação ou esquema de arquivamento | Classificação Decimal Universal |
| Tipo de item do Koha | Livros |
| Estado: removido | Estado: perdido | Fonte de classificação ou esquema de arquivamento | Estado: danificado | Indisponível para empréstimo | Localização permanente | Localização atual | Data de aquisição | Total Checkouts | Número de Chamada completo | Código de barras | Date last seen | Número do exemplar | Preço efetivo a partir de | Tipo de item (Koha) |
|---|---|---|---|---|---|---|---|---|---|---|---|---|---|---|
| Classificação Decimal Universal | Biblioteca da Escola Superior de Contas do TCE/MT | Biblioteca da Escola Superior de Contas do TCE/MT | 30/11/2023 | 340(046) L732s | BIBTCEMT23111418 | 30/11/2023 | Ex. 1 | 30/11/2023 | Livros | |||||
| Classificação Decimal Universal | Biblioteca da Escola Superior de Contas do TCE/MT | Biblioteca da Escola Superior de Contas do TCE/MT | 30/11/2023 | 340(046) L732s | BIBTCEMT23111419 | 30/11/2023 | Ex. 2 | 30/11/2023 | Livros | |||||
| Classificação Decimal Universal | Biblioteca da Escola Superior de Contas do TCE/MT | Biblioteca da Escola Superior de Contas do TCE/MT | 30/11/2023 | 340(046) L732s | BIBTCEMT23111420 | 30/11/2023 | Ex. 3 | 30/11/2023 | Livros |